[Event "XVII Festival Conca della Presolana Magistrale"]
[Site "Bratto - Castione della Presolana ITA"]
[Date "1997.08.??"]
[Round "5"]
[White "Sgnaolin, Davide"]
[Black "Mauro, Alan"]
[Result "0-1"]
[WhiteElo "2055"]
[BlackElo "2275"]
[PlyCount "90"]
[EventDate "1997.08.21"]

1. e4 c5 2. Nf3 Nc6 3. d4 cxd4 4. Nxd4 g6 5. c4 Bg7 6. Be3 d6 7. Nc3 Nf6 8. Be2
O-O 9. O-O Nd7 10. Qd2 Nc5 11. f3 Bd7 12. Rac1 Rc8 13. Rfd1 Ne6 14. Nxc6 Bxc6
15. Nb5 a6 16. Nc3 f5 17. exf5 gxf5 18. Nd5 Qe8 19. b4 Qf7 20. Nb6 Rb8 21. a4
Kh8 22. c5 dxc5 23. b5 axb5 24. axb5 Be8 25. Bc4 Qg6 26. Nd5 Nd4 27. Kh1 e5 28.
b6 Qd6 29. Bg5 Nc6 30. Ne7 Qxd2 31. Rxd2 Nd4 32. Nd5 Bc6 33. Ra2 e4 34. Be7
Rfe8 35. Bxc5 exf3 36. Rd1 fxg2+ 37. Kxg2 Ne6 38. Bf2 Rbd8 39. Rad2 Bc3 40. Rc2
Bxd5+ 41. Bxd5 Rxd5 42. Rdc1 Bf6 43. Rc8 Red8 44. Rxd8+ Rxd8 45. Rc2 Kg7 0-1

[Event "XVII Festival Conca della Presolana Magistrale"]
[Site "Bratto - Castione della Presolana ITA"]
[Date "1997.08.??"]
[Round "5"]
[White "Temi, Walter"]
[Black "Bossi, Alessandro"]
[Result "0-1"]
[WhiteElo "2110"]
[BlackElo "2009"]
[PlyCount "68"]
[EventDate "1997.08.21"]

1. e4 e5 2. Nf3 Nc6 3. Nc3 Nf6 4. g3 Bc5 5. Bg2 d6 6. O-O a6 7. d3 Bd7 8. h3 h6
9. Kh2 g5 10. Nd5 g4 11. Nh4 gxh3 12. Nxf6+ Qxf6 13. Bxh3 Bxh3 14. Kxh3 Nd4 15.
c3 Ne6 16. b4 Bb6 17. a4 a5 18. bxa5 Bxa5 19. Bd2 Kd7 20. Rb1 h5 21. Qe2 b6 22.
Rbc1 Nc5 23. f4 Qe6+ 24. Kh2 Nb3 25. Rb1 Nxd2 26. Qxd2 Rag8 27. Rf3 Rg4 28.
Rbf1 Kc8 29. Qe2 Rhg8 30. f5 Qf6 31. Kh3 Qg5 32. Qf2 Bxc3 33. f6 Bd4 34. Qh2
Rxh4+ 0-1

[Event "XVII Festival Conca della Presolana Magistrale"]
[Site "Bratto - Castione della Presolana ITA"]
[Date "1997.08.??"]
[Round "5"]
[White "Zelcic, Robert"]
[Black "Guido, Flavio"]
[Result "1-0"]
[WhiteElo "2530"]
[BlackElo "2335"]
[PlyCount "107"]
[EventDate "1997.08.21"]

1. e4 c5 2. Nf3 e6 3. d4 cxd4 4. Nxd4 Nf6 5. Nc3 d6 6. Be2 Be7 7. O-O O-O 8. f4
Nc6 9. Kh1 Bd7 10. Nb3 a6 11. a4 b6 12. Be3 Qc7 13. Bf3 Rfe8 14. Qe2 Bc8 15. e5
Nd7 16. exd6 Bxd6 17. Rad1 Rd8 18. Nd4 Nxd4 19. Rxd4 Rb8 20. Rc4 Qa7 21. Rd1
Bf8 22. a5 Bb7 23. Rc7 Bxf3 24. Rxa7 Bxe2 25. Rdxd7 Rxd7 26. Rxd7 bxa5 27. Nxe2
Rxb2 28. Rc7 f6 29. Kg1 a4 30. Kf2 e5 31. fxe5 fxe5 32. Rc8 Kf7 33. Bc5 Bxc5+
34. Rxc5 a3 35. Ra5 Rxc2 36. Rxa3 Rc6 37. Nc3 Ke6 38. Ne4 Kf5 39. Kf3 h6 40.
g4+ Ke6 41. Rxa6 Rxa6 42. Nc5+ Kd5 43. Nxa6 Kd4 44. Nb4 e4+ 45. Ke2 e3 46. Nc2+
Ke4 47. Nxe3 Kf4 48. Kf2 h5 49. gxh5 Kg5 50. Kg3 Kxh5 51. Nf5 g6 52. Nh4 Kg5
53. h3 Kh5 54. Nf3 1-0

[Event "XVII Festival Conca della Presolana Magistrale"]
[Site "Bratto - Castione della Presolana ITA"]
[Date "1997.08.??"]
[Round "5"]
[White "Zoldan, Matteo"]
[Black "Bresciani, Nicola"]
[Result "1/2-1/2"]
[WhiteElo "2100"]
[BlackElo "2325"]
[PlyCount "65"]
[EventDate "1997.08.21"]

1. e4 c5 2. Nf3 d6 3. d4 cxd4 4. Nxd4 Nf6 5. Nc3 a6 6. Be3 e5 7. Nb3 Be6 8. Qd2
Nbd7 9. f3 b5 10. a4 b4 11. Nd5 Bxd5 12. exd5 Nb6 13. Bxb6 Qxb6 14. a5 Qb7 15.
Bc4 Be7 16. Ra4 Rb8 17. Nc1 Bd8 18. Kd1 O-O 19. Na2 Bxa5 20. Rxa5 Qc7 21. Ra4
Qxc4 22. Nxb4 a5 23. b3 Qb5 24. Nc6 Ra8 25. Kc1 Ra6 26. Kb2 Nxd5 27. Qxd5 Qxc6
28. Qxc6 Rxc6 29. Rxa5 Rfc8 30. c4 Kf8 31. Rha1 Ke7 32. Ra7+ R6c7 33. Kc3
1/2-1/2

[Event "XVII Festival Conca della Presolana Magistrale"]
[Site "Bratto - Castione della Presolana ITA"]
[Date "1997.08.??"]
[Round "6"]
[White "Alberton, Roberto"]
[Black "Rossi, Giampiero"]
[Result "1/2-1/2"]
[WhiteElo "2190"]
[BlackElo "2150"]
[PlyCount "110"]
[EventDate "1997.08.21"]

1. d4 d5 2. c4 e6 3. Nc3 Nf6 4. Bg5 Nbd7 5. e3 c6 6. cxd5 exd5 7. Bd3 Be7 8.
Nf3 Ne4 9. Bxe7 Qxe7 10. O-O Ndf6 11. Ne5 Nxc3 12. bxc3 O-O 13. a4 Bd7 14. Qb3
Rab8 15. c4 dxc4 16. Qxc4 Be6 17. Qc2 g6 18. a5 Nd7 19. Nxd7 Qxd7 20. Rfc1 Rfc8
21. Ra3 Qd5 22. Be4 Qd8 23. a6 Bd5 24. axb7 Rxb7 25. Bxd5 Qxd5 26. h3 Rcc7 27.
Rc3 Rb6 28. Rc5 Qd6 29. d5 f6 30. dxc6 Qe6 31. Qa4 Qd6 32. R5c4 f5 33. Rd4 Qe6
34. Rd8+ Kf7 35. Rd7+ Qxd7 36. cxd7 Rxc1+ 37. Kh2 Rd6 38. Qxa7 Ke7 39. h4 Rcd1
40. d8=Q+ Kxd8 41. Qxh7 R1d5 42. h5 gxh5 43. Qxh5 Kc7 44. g3 Rd7 45. Qh6 R7d6
46. Qf4 Kd8 47. e4 fxe4 48. Qxe4 Rd2 49. Kg2 Rf6 50. Qe3 Rdxf2+ 51. Qxf2 Rxf2+
52. Kxf2 Ke7 53. Ke3 Kf7 54. Kf3 Kg7 55. Ke4 Kg6 1/2-1/2

[Event "XVII Festival Conca della Presolana Magistrale"]
[Site "Bratto - Castione della Presolana ITA"]
[Date "1997.08.??"]
[Round "6"]
[White "Barbieri, Giovanni"]
[Black "Barbafiera, Luigi"]
[Result "1-0"]
[WhiteElo "2115"]
[BlackElo "1900"]
[PlyCount "57"]
[EventDate "1997.08.21"]

1. e4 c5 2. g3 Nc6 3. Bg2 e6 4. Nc3 Nf6 5. Nge2 Be7 6. O-O O-O 7. Nf4 d6 8. d3
Bd7 9. Re1 Rb8 10. Nce2 b5 11. b3 Qb6 12. Nh3 Rfd8 13. Bb2 d5 14. e5 Ng4 15.
Nef4 Nh6 16. g4 d4 17. Bc1 Bf8 18. Nh5 g6 19. Nf6+ Kh8 20. Ng5 Bg7 21. Qf3 Ne7
22. Ngxh7 Bc6 23. Qh3 Bxg2 24. Kxg2 Neg8 25. Nxg8 Nxg4 26. Qxg4 c4 27. Qh4 a5
28. Bg5 Rdc8 29. Rh1 1-0

[Event "XVII Festival Conca della Presolana Magistrale"]
[Site "Bratto - Castione della Presolana ITA"]
[Date "1997.08.??"]
[Round "6"]
[White "Belotti, Bruno"]
[Black "Menoni, Vincenzo"]
[Result "1-0"]
[WhiteElo "2410"]
[BlackElo "2270"]
[PlyCount "63"]
[EventDate "1997.08.21"]

1. e4 e6 2. d3 d5 3. Nd2 c5 4. g3 Bd6 5. Bg2 Ne7 6. f4 Nbc6 7. Ngf3 O-O 8. O-O
f6 9. Kh1 Bc7 10. Qe2 d4 11. a4 Rb8 12. Nc4 a6 13. e5 f5 14. c3 b5 15. axb5
axb5 16. Na3 b4 17. cxb4 Nxb4 18. Bd2 Ned5 19. Rfc1 Ba6 20. Nc4 h6 21. Ne1 Bxc4
22. dxc4 Ne7 23. Bxb4 cxb4 24. c5 Nd5 25. Qc4 Ne3 26. Qxe6+ Kh8 27. Nd3 b3 28.
Ra7 Nxg2 29. Kxg2 Ra8 30. Rca1 Rxa7 31. Rxa7 Qb8 32. Qa6 1-0

[Event "XVII Festival Conca della Presolana Magistrale"]
[Site "Bratto - Castione della Presolana ITA"]
[Date "1997.08.??"]
[Round "6"]
[White "Bossi, Alessandro"]
[Black "Everet, Alexandro"]
[Result "0-1"]
[WhiteElo "2009"]
[BlackElo "2225"]
[PlyCount "130"]
[EventDate "1997.08.21"]

1. e4 e5 2. Nf3 d6 3. d4 Bg4 4. dxe5 Bxf3 5. Qxf3 dxe5 6. Bc4 Qd7 7. O-O Nc6 8.
Be3 Nf6 9. Nc3 Qg4 10. Bb5 Kd7 11. Rad1+ Bd6 12. Nd5 Qxf3 13. gxf3 a6 14. Nxf6+
gxf6 15. Ba4 b5 16. Bb3 Ke7 17. Bd5 Rag8+ 18. Kh1 Nd8 19. c3 c6 20. Bb3 Nb7 21.
Rd2 Bc5 22. Rfd1 Rd8 23. Rxd8 Rxd8 24. Rxd8 Kxd8 25. Bxf7 Bxe3 26. fxe3 Nc5 27.
b3 Nd3 28. Kg2 Nb2 29. c4 b4 30. c5 Nd1 31. Bg8 h6 32. Kg3 Nxe3 33. Kh4 Ke7 34.
Kh5 f5 35. exf5 Nxf5 36. Bh7 Kf6 37. h4 Nd4 38. Kxh6 Nxf3 39. Be4 Nd4 40. Kh5
Ne6 41. Bxc6 Nxc5 42. Kg4 Nd3 43. Be4 Nf2+ 44. Kf3 Nd1 45. Bd3 a5 46. h5 Kg5
47. Ke4 Nf2+ 48. Ke3 Ng4+ 49. Ke4 Nf2+ 50. Ke3 Nh3 51. Bg6 Kf6 52. Ke4 Nf4 53.
Be8 Ne2 54. h6 Ng3+ 55. Kd5 Ne2 56. Ke4 Nc3+ 57. Ke3 Nxa2 58. h7 Kg7 59. Ke4 a4
60. Bxa4 Nc3+ 61. Kxe5 Nxa4 62. Kd4 Nc3 63. Kc4 Na2 64. Kb5 Kxh7 65. Ka4 Kg6
0-1

[Event "XVII Festival Conca della Presolana Magistrale"]
[Site "Bratto - Castione della Presolana ITA"]
[Date "1997.08.??"]
[Round "6"]
[White "Bresciani, Nicola"]
[Black "Sgnaolin, Davide"]
[Result "1/2-1/2"]
[WhiteElo "2325"]
[BlackElo "2055"]
[PlyCount "118"]
[EventDate "1997.08.21"]

1. e4 c5 2. Nf3 Nc6 3. d4 cxd4 4. Nxd4 g6 5. c4 Nf6 6. Nc3 d6 7. Be2 Nxd4 8.
Qxd4 Bg7 9. Bg5 O-O 10. Qd2 Be6 11. Rc1 Qa5 12. O-O Rac8 13. b3 Rfe8 14. f3 Nd7
15. Rfd1 Ne5 16. Nd5 Qxd2 17. Bxd2 Nc6 18. Be3 b6 19. f4 Bxd5 20. exd5 Nb4 21.
Rd2 Na6 22. Bf3 Nc5 23. b4 Nd7 24. a4 Rc7 25. Be2 Nf6 26. Bf3 Rec8 27. Rdc2 Nd7
28. Be2 Nf6 29. Rd1 Ne4 30. Bd4 Bxd4+ 31. Rxd4 Nf6 32. g4 Nd7 33. g5 f5 34. Rd1
Nb8 35. Rb1 Kf7 36. Ra2 a5 37. Rab2 Na6 38. bxa5 bxa5 39. Rb5 Rc5 40. h4 Nb4
41. h5 R8c7 42. Kf2 Rc8 43. Rb2 Kg7 44. h6+ Kf7 45. Ke3 Ke8 46. Kd4 Kd7 47. Bf1
Ke8 48. Rb6 Kf7 49. Rd2 R8c7 50. Rb5 Rc8 51. Kc3 R8c7 52. Kb3 Rc8 53. Rb6 R8c7
54. Rd1 Rc8 55. Re1 R8c7 56. Re3 Rc8 57. Re1 R8c7 58. Be2 Rc8 59. Bf1 R8c7
1/2-1/2

[Event "XVII Festival Conca della Presolana Magistrale"]
[Site "Bratto - Castione della Presolana ITA"]
[Date "1997.08.??"]
[Round "6"]
[White "Capece, Adolivio"]
[Black "Marchini, Massimo"]
[Result "0-1"]
[WhiteElo "1953"]
[BlackElo "2150"]
[PlyCount "80"]
[EventDate "1997.08.21"]

1. c4 Nf6 2. Nc3 g6 3. g3 Bg7 4. Bg2 O-O 5. d3 c5 6. Bg5 d6 7. Qd2 Nc6 8. Bh6
Rb8 9. h4 Bxh6 10. Qxh6 Ng4 11. Qd2 h5 12. f3 Nf6 13. g4 Kg7 14. Nd5 hxg4 15.
h5 Rh8 16. h6+ Kh7 17. Nxf6+ exf6 18. fxg4 Bxg4 19. Qf4 f5 20. Nf3 Bxf3 21.
Bxf3 Qe7 22. Bxc6 bxc6 23. b3 Rbe8 24. Rh2 Qe5 25. Qxe5 Rxe5 26. a3 Rb8 27. b4
cxb4 28. axb4 Re7 29. Ra6 Rb6 30. Rxb6 axb6 31. Kd2 f4 32. Kc3 g5 33. Kd4 Re5
34. Kc3 g4 35. d4 f3 36. Rf2 Re3+ 37. Kd2 Kxh6 38. c5 dxc5 39. b5 cxb5 40. d5
Re5 0-1

[Event "XVII Festival Conca della Presolana Magistrale"]
[Site "Bratto - Castione della Presolana ITA"]
[Date "1997.08.??"]
[Round "6"]
[White "Caruso, Daniele"]
[Black "Bosio, Devis"]
[Result "1-0"]
[WhiteElo "2130"]
[BlackElo "1951"]
[PlyCount "93"]
[EventDate "1997.08.21"]

1. e4 c6 2. d4 d5 3. exd5 cxd5 4. Bd3 Nc6 5. c3 g6 6. Bf4 Qb6 7. Qb3 Qxb3 8.
axb3 Bh6 9. Be3 Bf5 10. Bxf5 Bxe3 11. fxe3 gxf5 12. b4 b6 13. Ne2 Nf6 14. Nf4
e6 15. Nd2 Ke7 16. Ke2 a5 17. bxa5 Rxa5 18. Rxa5 bxa5 19. Ra1 Ne4 20. Ra3 Rb8
21. Nd3 Nxd2 22. Kxd2 Kd6 23. Kc2 Rb5 24. Rb3 Rxb3 25. Kxb3 Kc7 26. Ka4 Kb6 27.
Nc5 Ne7 28. h4 Ng8 29. Nd7+ Ka6 30. b4 axb4 31. cxb4 Ne7 32. b5+ Kb7 33. Kb4
Kc7 34. Nf6 h6 35. Kc5 f4 36. exf4 Nf5 37. h5 Ne3 38. g4 Kb7 39. Kd6 Kb6 40.
Ke7 Kxb5 41. Kxf7 Kc4 42. g5 hxg5 43. fxg5 Kxd4 44. h6 Kc4 45. h7 d4 46. h8=Q
d3 47. Ne4 1-0

[Event "XVII Festival Conca della Presolana Magistrale"]
[Site "Bratto - Castione della Presolana ITA"]
[Date "1997.08.??"]
[Round "6"]
[White "Castaldo, Folco"]
[Black "Scagliarini, Bruno"]
[Result "1-0"]
[WhiteElo "2170"]
[BlackElo "1974"]
[PlyCount "83"]
[EventDate "1997.08.21"]

1. e4 e6 2. d4 d5 3. Nd2 c5 4. Ngf3 Nc6 5. exd5 exd5 6. Bb5 Bd6 7. O-O Nge7 8.
dxc5 Bxc5 9. Nb3 Bd6 10. Re1 O-O 11. Bd3 h6 12. h3 Bd7 13. c3 Rc8 14. Nbd4 a6
15. Bc2 Bb8 16. Be3 Re8 17. Qd2 Qc7 18. Rad1 Ne5 19. Nxe5 Qxe5 20. Nf3 Qh5 21.
Nh2 Qe5 22. Nf1 Qc7 23. Ng3 Rcd8 24. Bd4 Ng6 25. Qd3 h5 26. Qf3 h4 27. Nf1 Bb5
28. Bxg6 Bxf1 29. Bxf7+ Qxf7 30. Qxf7+ Kxf7 31. Kxf1 Bc7 32. Re3 Rxe3 33. Bxe3
Rd7 34. Rd4 Kf6 35. Bg5+ Kg6 36. Bxh4 Bb6 37. Rd2 Kf5 38. f3 Ke5 39. Bf2 Bd8
40. Bd4+ Kf5 41. g3 Bc7 42. Kf2 1-0

[Event "XVII Festival Conca della Presolana Magistrale"]
[Site "Bratto - Castione della Presolana ITA"]
[Date "1997.08.??"]
[Round "6"]
[White "Ceresoli, Luigi"]
[Black "Profumo, Alberto"]
[Result "1/2-1/2"]
[WhiteElo "2053"]
[BlackElo "2250"]
[PlyCount "146"]
[EventDate "1997.08.21"]

1. e4 c6 2. Nc3 d5 3. Nf3 Bg4 4. h3 Bxf3 5. Qxf3 e6 6. g3 Nf6 7. Bg2 Be7 8. O-O
O-O 9. d3 d4 10. Ne2 c5 11. e5 Nd5 12. Nf4 Nxf4 13. Bxf4 Nc6 14. Qg4 Re8 15.
Bxc6 bxc6 16. b3 Qd5 17. Rae1 Bf8 18. Re2 c4 19. dxc4 Qa5 20. a4 d3 21. cxd3
Qc3 22. Qf3 Qxb3 23. Qxc6 Rac8 24. Qe4 Red8 25. Be3 Rxd3 26. c5 Qd5 27. Qxd5
exd5 28. Rc1 d4 29. Rd2 Rxd2 30. Bxd2 Rxc5 31. Rxc5 Bxc5 32. Kg2 Kf8 33. f4 Ke7
34. Kf3 Kd7 35. Ke4 Kc6 36. f5 h5 37. g4 hxg4 38. hxg4 a6 39. g5 g6 40. e6
gxf5+ 41. Kxf5 fxe6+ 42. Kxe6 d3 43. Ke5 Be7 44. g6 Bf8 45. Ke4 Bg7 46. Kxd3
Kd5 47. Bc3 Bh6 48. Bd4 Bf8 49. Bb2 Bh6 50. Kc3 Bg7+ 51. Kb3 Bf8 52. Bc3 Kc6
53. Kc4 Bh6 54. Be5 Bf8 55. Kd4 Bh6 56. Ke4 Kd7 57. Kf5 Ke7 58. Bc3 Be3 59.
Bb4+ Ke8 60. Ke6 Bh6 61. Be7 Bg7 62. a5 Bh6 63. Bd6 Bg7 64. Be5 Bf8 65. Kf6 Bh6
66. Bc3 Bf8 67. Bd2 Bc5 68. Bc3 Bf8 69. Ke6 Bh6 70. Kd6 Bg5 71. Kc6 Bd8 72. Bb4
Bf6 73. Kd6 Kf8 1/2-1/2

[Event "XVII Festival Conca della Presolana Magistrale"]
[Site "Bratto - Castione della Presolana ITA"]
[Date "1997.08.??"]
[Round "6"]
[White "Cugini, Verter"]
[Black "Lanzani, Mario"]
[Result "0-1"]
[WhiteElo "2215"]
[BlackElo "2360"]
[PlyCount "56"]
[EventDate "1997.08.21"]

1. e4 c5 2. g3 d5 3. exd5 Qxd5 4. Nf3 Bg4 5. Bg2 Qe6+ 6. Kf1 Nc6 7. h3 Bh5 8.
d3 Qd7 9. Be3 e6 10. g4 Bg6 11. Nh4 Nf6 12. Nxg6 hxg6 13. Nc3 Nd4 14. Ne4 Nd5
15. c3 Nxe3+ 16. fxe3 Nc6 17. Ke2 Be7 18. Qb3 f5 19. Nf2 O-O-O 20. a4 Bh4 21.
Qb5 Bxf2 22. Kxf2 fxg4 23. Bxc6 bxc6 24. Qa6+ Kb8 25. hxg4 Qd5 26. Rxh8 Rxh8
27. Rf1 Qb3 28. Qxc6 Qxb2+ 0-1

[Event "XVII Festival Conca della Presolana Magistrale"]
[Site "Bratto - Castione della Presolana ITA"]
[Date "1997.08.??"]
[Round "6"]
[White "De Barberis, Massimo"]
[Black "Lapiccirella, Mattia"]
[Result "1/2-1/2"]
[WhiteElo "2110"]
[BlackElo "1930"]
[PlyCount "31"]
[EventDate "1997.08.21"]

1. e4 c5 2. Nf3 d6 3. c3 Nf6 4. Bb5+ Bd7 5. Qe2 Qb6 6. Bxd7+ Nbxd7 7. d4 cxd4
8. cxd4 e6 9. Nc3 Be7 10. O-O O-O 11. e5 Ne8 12. Bf4 a6 13. Rac1 d5 14. Rc2 Qd8
15. Rfc1 Nc7 16. h3 1/2-1/2

[Event "XVII Festival Conca della Presolana Magistrale"]
[Site "Bratto - Castione della Presolana ITA"]
[Date "1997.08.??"]
[Round "6"]
[White "Didoni, Renato"]
[Black "Agnelli, Francesco"]
[Result "1/2-1/2"]
[WhiteElo "1984"]
[BlackElo "2085"]
[PlyCount "86"]
[EventDate "1997.08.21"]

1. Nc3 c5 2. e4 Nc6 3. f4 e6 4. Nf3 Nge7 5. Be2 d5 6. O-O dxe4 7. Nxe4 Nf5 8.
c3 h5 9. Qc2 Be7 10. d3 Bd7 11. Bd2 b5 12. Rae1 Qb6 13. Ne5 Rd8 14. Nxd7 Rxd7
15. Bc1 h4 16. Kh1 Bd8 17. Bg4 Nce7 18. Qe2 Qc6 19. Bf3 Qc8 20. Bg4 Bb6 21. Qf3
Rd5 22. Bh3 Qd7 23. Rd1 a5 24. Rfe1 b4 25. Ng5 Rh6 26. Qe4 Kf8 27. Nf3 Qa4 28.
a3 Nd6 29. Qe2 Ndf5 30. Ne5 Bc7 31. Qf3 Rd8 32. axb4 cxb4 33. Qb7 Bxe5 34. fxe5
Rg6 35. Rf1 Kg8 36. Qe4 Qc2 37. cxb4 axb4 38. Qxb4 Rxd3 39. Rxd3 Qxd3 40. Qe1
Qd5 41. Bd2 Qc6 42. Qf2 Qe4 43. Bc3 Nd5 1/2-1/2

[Event "XVII Festival Conca della Presolana Magistrale"]
[Site "Bratto - Castione della Presolana ITA"]
[Date "1997.08.??"]
[Round "6"]
[White "Ferretti, Folco"]
[Black "Genocchio, Daniele"]
[Result "1/2-1/2"]
[WhiteElo "2285"]
[BlackElo "2215"]
[PlyCount "32"]
[EventDate "1997.08.21"]

1. e4 c5 2. Nf3 d6 3. Bc4 Nf6 4. d3 Nc6 5. c3 g6 6. O-O Bg7 7. Bb3 O-O 8. Re1
Qc7 9. Nbd2 e5 10. Nf1 Be6 11. Bg5 Nh5 12. Ne3 h6 13. Bh4 Qd7 14. Nd5 Rae8 15.
Nd2 Nf4 16. Nf1 Na5 1/2-1/2

[Event "XVII Festival Conca della Presolana Magistrale"]
[Site "Bratto - Castione della Presolana ITA"]
[Date "1997.08.??"]
[Round "6"]
[White "Godena, Michele"]
[Black "Mione, Dario"]
[Result "1-0"]
[WhiteElo "2515"]
[BlackElo "2295"]
[PlyCount "85"]
[EventDate "1997.08.21"]

1. e4 e6 2. d4 d5 3. Nd2 c5 4. Ngf3 Nc6 5. exd5 exd5 6. Bb5 Bd6 7. O-O Nge7 8.
dxc5 Bxc5 9. Nb3 Bd6 10. Be3 O-O 11. Bd3 h6 12. h3 Nb4 13. Be2 Nf5 14. Bc5 Bxc5
15. Nxc5 Qc7 16. Nd3 Nc6 17. Qd2 Be6 18. Nf4 Rad8 19. Bd3 Qb6 20. Rfe1 Bc8 21.
c3 d4 22. c4 Nb4 23. Bxf5 Bxf5 24. Re5 Nc2 25. Rc1 Bh7 26. Rxc2 Bxc2 27. Qxc2
Qa6 28. b3 Rfe8 29. Rxe8+ Rxe8 30. Qd2 b5 31. c5 Qa3 32. Nd3 a5 33. Nxd4 Rd8
34. Nc6 Rxd3 35. Qxd3 Qc1+ 36. Kh2 Qxc5 37. Qd8+ Kh7 38. Qd3+ Kg8 39. Qd8+ Kh7
40. Ne7 Qe5+ 41. g3 h5 42. Qg8+ Kh6 43. Qh8+ 1-0

[Event "XVII Festival Conca della Presolana Magistrale"]
[Site "Bratto - Castione della Presolana ITA"]
[Date "1997.08.??"]
[Round "6"]
[White "Grosar, Aljosa"]
[Black "Ortega, Lexy"]
[Result "1/2-1/2"]
[WhiteElo "2455"]
[BlackElo "2470"]
[PlyCount "98"]
[EventDate "1997.08.21"]

1. e4 c5 2. Nf3 d6 3. Bb5+ Nd7 4. O-O Ngf6 5. Re1 a6 6. Bf1 b6 7. d4 cxd4 8.
Nxd4 Bb7 9. f3 g6 10. c4 Bg7 11. Nc3 O-O 12. Be3 Rc8 13. Qd2 Ne5 14. b3 e6 15.
Rac1 Qc7 16. Red1 Rfd8 17. Bg5 Qb8 18. Qf4 Ned7 19. Nde2 Rc6 20. Qh4 Re8 21.
Rd2 b5 22. cxb5 axb5 23. Nd4 Rxc3 24. Rxc3 b4 25. Rc1 d5 26. Nc6 Bxc6 27. Rxc6
dxe4 28. fxe4 Ne5 29. Rcd6 Nfg4 30. Rd8 Qa7+ 31. Kh1 Rxd8 32. Rxd8+ Bf8 33. Bh6
Nxh6 34. Qxh6 Qe7 35. Rc8 g5 36. h3 Ng6 37. Qh5 Qf6 38. Qf3 Qxf3 39. gxf3 Kg7
40. Rc2 Kf6 41. Kg2 Bd6 42. Kf2 h5 43. Rc6 Ke5 44. Ke3 h4 45. Rc8 Nf4 46. Rc6
Ng6 47. Rc4 Nf4 48. Rc8 Ng6 49. Rc6 Nf4 1/2-1/2

[Event "XVII Festival Conca della Presolana Magistrale"]
[Site "Bratto - Castione della Presolana ITA"]
[Date "1997.08.??"]
[Round "6"]
[White "Grosar, Kiti"]
[Black "Milocco, Franco"]
[Result "0-1"]
[WhiteElo "2190"]
[BlackElo "2365"]
[PlyCount "100"]
[EventDate "1997.08.21"]

1. e4 c5 2. Nf3 d6 3. d4 cxd4 4. Nxd4 Nf6 5. Nc3 Nc6 6. Bc4 Qb6 7. Nxc6 bxc6 8.
O-O g6 9. e5 dxe5 10. Qe2 Qc7 11. f4 e4 12. Nxe4 Nxe4 13. Qxe4 Bg7 14. c3 O-O
15. Be3 Rb8 16. Qc2 Bf5 17. Qf2 a5 18. Rad1 Rfe8 19. Bc5 Bf6 20. h3 h5 21. Rd2
Kg7 22. Qf3 Qc8 23. Rfd1 e5 24. fxe5 Bxe5 25. Ba7 Ra8 26. Rd7 Rf8 27. Bc5 Bxd7
28. Bxf8+ Qxf8 29. Qe2 Qe7 30. Rxd7 Qxd7 31. Qxe5+ f6 32. Qc5 Qa7 33. Qxa7+
Rxa7 34. Kf2 Kf8 35. Ke3 Ke7 36. Kd4 Kd6 37. b4 axb4 38. cxb4 h4 39. Bb3 Ra3
40. Ke4 Ra7 41. Kd4 Rc7 42. Bc2 f5 43. Kc4 Re7 44. Bd1 Re4+ 45. Kc3 g5 46. a4
g4 47. hxg4 Rxg4 48. Kd3 Rxg2 49. Ke3 h3 50. Bf3 Rb2 0-1

[Event "XVII Festival Conca della Presolana Magistrale"]
[Site "Bratto - Castione della Presolana ITA"]
[Date "1997.08.??"]
[Round "6"]
[White "Lantini, Marco"]
[Black "Lagrotteria, Salvatore"]
[Result "0-1"]
[WhiteElo "2190"]
[BlackElo "2225"]
[PlyCount "108"]
[EventDate "1997.08.21"]

1. e4 c5 2. Nf3 Nc6 3. d4 cxd4 4. Nxd4 Nf6 5. Nc3 d6 6. Be2 e6 7. O-O Be7 8.
Be3 a6 9. f4 Qc7 10. Qe1 O-O 11. Qg3 Ne8 12. Nxc6 bxc6 13. f5 exf5 14. exf5 d5
15. Qxc7 Nxc7 16. Na4 Rb8 17. c3 Bd6 18. Rae1 a5 19. Ba7 Rb7 20. Bd4 f6 21. b3
Nb5 22. Bxb5 Rxb5 23. Nb6 c5 24. Nxc8 Rxc8 25. Bf2 Be5 26. Rd1 c4 27. bxc4 Rxc4
28. Bd4 Bxd4+ 29. cxd4 Rb2 30. Rf2 Rxf2 31. Kxf2 Rc2+ 32. Kf3 Rxa2 33. Rb1 Rd2
34. Rb5 Rxd4 35. Rxa5 h5 36. Ke3 Re4+ 37. Kf3 Re5 38. Kf4 Kh7 39. Ra4 Re1 40.
g4 hxg4 41. Kxg4 Re4+ 42. Rxe4 dxe4 43. Kf4 Kh6 44. Kxe4 Kg5 45. Ke3 Kxf5 46.
Kf3 Ke5 47. Ke3 f5 48. Kf3 g5 49. Ke3 f4+ 50. Kf3 g4+ 51. Kf2 Kd4 52. Ke2 Ke4
53. Kf2 Kd3 54. Kf1 Ke3 0-1

[Event "XVII Festival Conca della Presolana Magistrale"]
[Site "Bratto - Castione della Presolana ITA"]
[Date "1997.08.??"]
[Round "6"]
[White "Lovati, Paolo"]
[Black "Temi, Walter"]
[Result "1/2-1/2"]
[WhiteElo "2135"]
[BlackElo "2110"]
[PlyCount "94"]
[EventDate "1997.08.21"]

1. Nf3 Nf6 2. d4 g6 3. Bf4 Bg7 4. h3 c5 5. e3 Qb6 6. Qc1 Nc6 7. c3 d5 8. Be2
O-O 9. O-O Bf5 10. Nbd2 Rac8 11. g4 Be6 12. dxc5 Qxc5 13. a4 h5 14. Nd4 Bd7 15.
Nxc6 Qxc6 16. Qd1 Qe6 17. f3 hxg4 18. hxg4 d4 19. cxd4 Nd5 20. Ne4 Nxf4 21.
exf4 Qb6 22. Kg2 Bxd4 23. a5 Qb4 24. Kg3 Rfd8 25. Ra3 Bc6 26. Qb1 a6 27. Ng5
Qxb2 28. Qxb2 Bxb2 29. Rb3 Bg7 30. Bc4 Be8 31. Rc1 Rc6 32. Rxb7 e6 33. Rb6 Rdc8
34. Rxc6 Rxc6 35. Rc2 Bd7 36. f5 gxf5 37. gxf5 Bf6 38. Ne4 Be5+ 39. f4 Bg7 40.
Ng5 Bd4 41. fxe6 Bxe6 42. Nxe6 fxe6 43. f5 Kf8 44. fxe6 Be5+ 45. Kg4 Ke7 46.
Kf5 Bc7 47. Ke4 Bxa5 1/2-1/2

[Event "XVII Festival Conca della Presolana Magistrale"]
[Site "Bratto - Castione della Presolana ITA"]
[Date "1997.08.??"]
[Round "6"]
[White "Mariano, Elia"]
[Black "Sbarra, Marco"]
[Result "1-0"]
[WhiteElo "2145"]
[BlackElo "2280"]
[PlyCount "71"]
[EventDate "1997.08.21"]

1. d4 Nf6 2. c4 e6 3. Nc3 Bb4 4. Qc2 c5 5. Nf3 cxd4 6. Nxd4 O-O 7. Bg5 Nc6 8.
Nxc6 bxc6 9. a3 Be7 10. e3 d5 11. Bd3 h6 12. Bxf6 Bxf6 13. O-O Rb8 14. Rab1 a5
15. b4 axb4 16. axb4 Ba6 17. b5 dxc4 18. Bh7+ Kh8 19. bxa6 g6 20. Ne4 Bg7 21.
Bxg6 fxg6 22. Qxc4 Qd5 23. Qxd5 exd5 24. Nc5 Rb5 25. Rxb5 cxb5 26. Rb1 Rb8 27.
Kf1 b4 28. Ne6 Be5 29. a7 Ra8 30. Rxb4 Rxa7 31. g3 Kg8 32. Rb5 Rd7 33. Nc5 Rd8
34. Nd3 Bb8 35. Nb4 Kf7 36. Nc6 1-0

[Event "XVII Festival Conca della Presolana Magistrale"]
[Site "Bratto - Castione della Presolana ITA"]
[Date "1997.08.??"]
[Round "6"]
[White "Mascheroni, Maurizio"]
[Black "Pegoraro, Nicola"]
[Result "0-1"]
[WhiteElo "1944"]
[BlackElo "2115"]
[PlyCount "92"]
[EventDate "1997.08.21"]

1. e4 c5 2. Nf3 d6 3. d3 g6 4. g3 Bg7 5. Bg2 Nc6 6. O-O Nf6 7. Re1 Qc7 8. h3
O-O 9. c3 Rb8 10. Be3 b5 11. Qd2 c4 12. Nd4 Ne5 13. Bf1 Nxd3 14. Bxd3 cxd3 15.
Bh6 Bxh3 16. Bxg7 Kxg7 17. Kh2 Qd7 18. Qg5 e5 19. Nf3 Qg4 20. Nbd2 Qxg5 21.
Nxg5 Bg4 22. Ngf3 Rfe8 23. Kg2 b4 24. c4 Nd7 25. Ng1 Nc5 26. b3 Bd7 27. f3 f5
28. Nh3 Rf8 29. Nf2 Rf7 30. f4 exf4 31. gxf4 Bc6 32. Kg3 Re8 33. exf5 Rfe7 34.
f6+ Kxf6 35. Ng4+ Kg7 36. Rxe7+ Rxe7 37. Rf1 h5 38. Nh2 Re3+ 39. Nhf3 Ne4+ 40.
Kh4 Nxd2 41. Nxd2 Re2 42. Rd1 Kf6 43. Nf1 Be4 44. Rd2 Bf5 45. Kg3 g5 46. fxg5+
Kxg5 0-1